Aktuality v evidovaní tržieb v podnikateľskom prostredí
Vymedzenie pojmu a definícia elektronickej pokladnice (e-kasa). Termíny povinnosti používať e-kasu klient.
Gespeichert in:
| 1. Verfasser: | |
|---|---|
| Format: | Buchkapitel |
| Sprache: | Slowakisch |
| Schlagworte: | |
| Tags: |
Keine Tags, Fügen Sie das erste Tag hinzu!
|
MARC
| LEADER | 00000naa a2200000 4500 | ||
|---|---|---|---|
| 001 | 0256744 | ||
| 005 | 20240502074059.1 | ||
| 041 | 0 | |a slo | |
| 044 | |a SK | ||
| 245 | 1 | 0 | |a Aktuality v evidovaní tržieb v podnikateľskom prostredí |c Renáta Pakšiová |
| 520 | |a Vymedzenie pojmu a definícia elektronickej pokladnice (e-kasa). Termíny povinnosti používať e-kasu klient. | ||
| 610 | 2 | 0 | |a zákony |
| 610 | 2 | 0 | |a Slovensko |
| 610 | 2 | 0 | |a podnikatelia |
| 610 | 2 | 0 | |a správa finančná |
| 610 | 2 | 0 | |a pokladnice registračné elektronické |
| 100 | 1 | |a Pakšiová, Renáta, 1974- | |